Factors of Stabilization of Agricultural Employees
Motivácia zamestnancov ako významný nástroj manažmentu podnikov. Poznávanie motivačných profilov zamestnancov, ktoré môže napomôcť vedeniu poľnohospodárskych podnikov vytvárať podmienky, ktoré prispejú k pracovnej spokojnosti a tým aj stabilizácii ľudského faktora v tomto sektore.
Saved in:
| Main Author: | |
|---|---|
| Other Authors: | |
| Format: | Book Chapter |
| Language: | Slovak |
| Subjects: | |
| Tags: |
No Tags, Be the first to tag this record!
|
MARC
| LEADER | 00000naa$a2200000$$$4500 | ||
|---|---|---|---|
| 001 | 0271643 | ||
| 005 | 20240502083826.3 | ||
| 041 | 0 | |a slo | |
| 044 | |a CZ | ||
| 245 | 1 | 0 | |a Factors of Stabilization of Agricultural Employees |c Zuzana Joniaková, Nadežda Jankelová |
| 520 | |a Motivácia zamestnancov ako významný nástroj manažmentu podnikov. Poznávanie motivačných profilov zamestnancov, ktoré môže napomôcť vedeniu poľnohospodárskych podnikov vytvárať podmienky, ktoré prispejú k pracovnej spokojnosti a tým aj stabilizácii ľudského faktora v tomto sektore. | ||
| 610 | 2 | 0 | |a motivácia |
| 610 | 2 | 0 | |a zamestnanci |
| 610 | 2 | 0 | |a podnik poľnohospodársky |
| 610 | 2 | 0 | |a stabilizácia podniku |
| 100 | 1 | |a Joniaková, Zuzana, 1970- | |
| 700 | 1 | |a Jankelová, Nadežda, 1966- | |